000 00640nam a2200217Ia 4500
003 GCL
008 140319s9999 xx 000 0 ara d
040 _aGCL /
_cGCL
082 0 4 _a370.1934
_bا ب
100 1 _aاميمة منير جادو
245 1 0 _aالبرامج التربوية للطفل /
_cاميمة منير جادو
300 _a119 ص
490 _aاقرأ
_v0
650 0 4 _aالتربية
650 0 4 _aتعليم الاطفال
650 0 4 _aوسائل الاعلام
650 0 4 _aبرامج التليفزيون
650 0 4 _aالاذاعة
650 0 4 _aالاتصال الجماهيرى
942 _2ddc
_cBK
999 _c50222
_d50222